000 00525nam a2200193 4500
003 OSt
005 20240606065711.0
006 a
008 240606b |||||||| |||| 00| 0 eng d
020 _a9716856431
040 _aDWCL-Main lib.
_cOC
082 _aFil. 499.211 AL348 2005
100 _aALCARAZ , CID V.
245 _aFilipino 1 : komunikasyon sa akademikong Filipino /
260 _aQ.C. :
_bLorimar Publishing,
_cc2005.
300 _b137 p . ;
_c25 cm.
700 _aCID V. ALCARAZ
942 _2ddc
_n0
_cBK - FIL
_kFil.
999 _c296
_d296